Arabic Vocab - Most Frequent 1001-1100 - Random - Statistics

General Stats
  • This quiz has been taken 22 times
    13 since last reset
  • The average score is 5 of 25
Answer Stats
Hint Answer % Correct
خاف fear/be afraid/be worried
100%
طَعام food
100%
مَرحَباً hello/welcome
100%
اِحتِرام respect/honor
100%
تلفزيون tv/television
100%
اِمرَأَة woman
100%
قَمَر moon
75%
قَلَم pencil/pen
75%
سُبحان praise
67%
رِيال rial/riyal
67%
دَرَس study/learn
67%
أفريقيّ African
50%
دينار dinar
50%
خامِس fifth
50%
رِحلة journey/trip/voyage
50%
اِلتَقى meet/encounter
50%
ذاك that/that one
50%
ألقى throw/toss/deliver
50%
ضَرَب strike/hit
43%
كومبيوتر computer
33%
شَمِل include/compromise/contain
33%
تَفكير thinking/pondering/reflection/meditation
33%
اِستَخدَم use/employ/utilize
33%
اِشتَغَل work/be employed
33%
صِفر zero/empty
33%
حَيّ alive/living/active/lively
25%
ثَورة revolution/uprising
25%
لِسان tongue/language
25%
قَبِل accept/receive/approve
0%
سِنّ age
0%
سَفير ambassador
0%
مَوعِد appointment/deadline/commitment
0%
مَقال article/essay
0%
بات become/start/begin/stay overnight
0%
صُندوق box/bin
0%
خاب bring/fetch/get
0%
تَحوَّل changed/converted/transformed
0%
تأكيد confirmation/affirmation/certainty
0%
مُؤَكَّد confirming/underscoring/emphasizing
0%
مُسابَقة contest/competition/race
0%
خَلق creating/forming
0%
جار current/present/occurring
0%
رِعاية custody/protection/patronage
0%
قَطَع cut off/sever/interrupt/stop/block
0%
فَجر dawn
0%
ديمُقراطيّة democracy
0%
سَوَّى do/make
0%
تأثير effect/impact
0%
بيئة environment/milieu
0%
مَعرِض exhibit/exhibition/show
0%
تَعبير expressing/stating/expression/phrase
0%
واجَه face/confront/oppose
0%
سَقَط fall/drop/decline
0%
أقصَى farthest/most remote
0%
أدرَك grasp/understand/comprehend
0%
ساعَد help/assist
0%
تاريخيّ historic
0%
بَشَر humankind/humans
0%
قَضاء justice/judiciary/court
0%
كوَيتيّ Kuwaiti
0%
بعدين later/afterwards/then/after that
0%
ضَحِك laugh
0%
دَوريّ league/tournament/regular/cyclical
0%
قائمة list/index
0%
إعلاميّ media/info/journalist
0%
ذِكر mention/citation/memory
0%
إِشارة mentioning/pointing out
0%
قَومي national/state/nationalist
0%
ضابِط officer
0%
مَفتوح open/opened
0%
مُشارِك participant/participating
0%
ظاهِرة phenomenon
0%
سَبَق precede/come before
0%
حاضِر present/attending/participant
0%
تَقَدَّم present/submit/offer
0%
مَبدأ principle/basis
0%
جائزة prize/award/reward
0%
تَوفير providing/furnishing/fulfillment/saving
0%
نَشَر publish/announce
0%
صَدَر published/issued/emerge/come forth
0%
بَغى pursue/strive
0%
مُتابَعة pursuing/following/continuation
0%
أَعاد repeat/give back/return
0%
دار revolve/turn/circle
0%
اِرتَفَع rise/ascend/increase
0%
بَيع sale/selling
0%
قَصير short/small
0%
أَظهَر show/manifest/demonstrate
0%
نَجم star
0%
بَدء start/beginning
0%
أُسلوب style/manner/way/method/device
0%
ظَنَّ think/believe/presume
0%
سَفَر traveling/journey/trip
0%
شَجرة tree
0%
غاية utmost/extreme/goal/purpose
0%
نَحو way/manner/method
0%
أيش what
0%
عامِل working/operating/active
0%
جُرح wound/injury
0%
حَضرَة you/polite address
0%
No matching quizzes found
Score Distribution
Percent of People with Each Score
Percentile by Number Answered
Your Score History
You have not taken this quiz since the last reset